|
|
|
|
| LEADER |
00930nab a2200229 i 4500 |
| 001 |
publ32211 |
| 005 |
20250430110032.0 |
| 008 |
250327s1992 hu o 000 hun d |
| 022 |
|
|
|a 0025-0244
|
| 024 |
7 |
|
|a 1445912
|2 mtmt
|
| 040 |
|
|
|a SZTE Publicatio Repozitórium
|b hun
|
| 041 |
|
|
|a hun
|
| 100 |
1 |
|
|a Bozoky B
|
| 245 |
1 |
0 |
|a Rosenthal rostok és granulális testek ultrastrukturális immunhisztokémiai vizsgálata glia fibrillaris savanyú fehérje ellenes savóval [Immunoelectron microscopy of Rosenthal fibers and granular bodies isong anti-glial fibrillary acidic protein serum]
|h [elektronikus dokumentum] /
|c Bozoky B
|
| 260 |
|
|
|c 1992
|
| 300 |
|
|
|a 221-226
|
| 490 |
0 |
|
|a MAGYAR ONKOLÓGIA
|v 36 No. 4
|
| 650 |
|
4 |
|a Általános orvostudomány
|
| 700 |
0 |
1 |
|a Krenács Tibor
|e aut
|
| 700 |
0 |
1 |
|a Rázga Zsolt
|e aut
|
| 700 |
0 |
1 |
|a Vajtai I
|e aut
|
| 856 |
4 |
0 |
|u http://publicatio.bibl.u-szeged.hu/32211/1/aok_klny_113_92.pdf
|z Dokumentum-elérés
|